[Event "11th Asrian Memorial 2018"]
[Site "Yerevan ARM"]
[Date "2018.06.27"]
[Round "7.16"]
[White "Rakesh, Kumar Jena"]
[Black "Yeghiazaryan, Armenak"]
[Result "0-1"]
[WhiteTitle "IM"]
[BlackTitle "FM"]
[WhiteElo "2385"]
[BlackElo "2365"]
[WhiteFideId "5084822"]
[BlackFideId "13303082"]
[EventDate "2018.06.21"]

1. e4 e5 2. Bc4 Nf6 3. d3 c6 4. Nf3 d5 5. Bb3 a5 6. a4 Bb4+ 7. c3 Bd6 8. Bg5
dxe4 9. dxe4 h6 10. Bh4 Qe7 11. Nbd2 Bc7 12. O-O g5 13. Bg3 Bg4 14. h3 Bh5 15.
Qc2 Nbd7 16. Nd4 Bg6 17. Nf5 Bxf5 18. exf5 O-O-O 19. Rfe1 h5 20. Bc4 h4 21. Bh2
g4 22. Ne4 Nxe4 23. Qxe4 g3 24. fxg3 hxg3 25. Bxg3 Rdg8 26. f6 Qxf6 27. Rf1 Qg5
28. Rxf7 Qxg3 29. Be6 Kb8 30. Rxd7 Rh4 31. Qe2 Re8 32. Rd3 Qg5 33. Bd7 e4 34.
Rd4 Rf8 35. Rf1 Rhf4 36. Rdd1 Qg3 0-1

[Event "11th Asrian Memorial 2018"]
[Site "Yerevan ARM"]
[Date "2018.06.27"]
[Round "7.17"]
[White "Movsisyan, Vardan"]
[Black "Petrosyan, Tigran S."]
[Result "1/2-1/2"]
[BlackTitle "IM"]
[WhiteElo "2146"]
[BlackElo "2460"]
[WhiteFideId "13301799"]
[BlackFideId "13303678"]
[EventDate "2018.06.21"]

1. e4 e5 2. Nf3 Nc6 3. d4 exd4 4. Nxd4 Nf6 5. Nc3 Bb4 6. Nxc6 bxc6 7. Bd3 d5 8.
exd5 cxd5 9. O-O O-O 10. Bg5 c6 11. Qf3 Rb8 12. Ne2 Be7 13. Nd4 Rb6 14. Nf5 Bxf5
15. Qxf5 g6 16. Qe5 Re8 17. Rae1 Ne4 18. Bxe7 Rxe7 19. Qd4 c5 20. Qe3 Rbe6 21.
Bxe4 Rxe4 22. Qd2 d4 23. Rxe4 Rxe4 24. Rd1 Qe8 25. Kf1 Qe5 26. h3 h5 27. b3 Qh2
28. f3 Re3 29. b4 cxb4 30. Qxd4 Rc3 31. Qxa7 Qh1+ 32. Qg1 Qxg1+ 33. Kxg1 Rxc2
34. Rb1 Rc4 35. Rb3 Kf8 1/2-1/2

[Event "11th Asrian Memorial 2018"]
[Site "Yerevan ARM"]
[Date "2018.06.27"]
[Round "7.19"]
[White "Barseghyan, Armen Ar."]
[Black "Zhukenov, Aituar"]
[Result "1-0"]
[WhiteElo "2219"]
[BlackElo "1865"]
[WhiteFideId "13306707"]
[BlackFideId "13719513"]
[EventDate "2018.06.21"]

1. d4 Nf6 2. Nf3 e6 3. g3 d5 4. Bg2 Be7 5. O-O O-O 6. c4 dxc4 7. Qc2 a6 8. a4
Bd7 9. Qxc4 Bc6 10. Bg5 a5 11. Nc3 Na6 12. Bxf6 Bxf6 13. e4 Nb4 14. Rfd1 g6 15.
Rac1 Bg7 16. b3 Rc8 17. h4 Qf6 18. Qe2 Rfd8 19. Ne5 Qe7 20. f4 b6 21. Kh2 Bb7
22. Qe3 Nc6 23. Nxc6 Bxc6 24. e5 Bxg2 25. Kxg2 f6 26. Nb5 fxe5 27. fxe5 Rd7 28.
Rc6 Rf8 29. Rdc1 Qf7 30. Qe2 Qf5 31. Rf1 Qxf1+ 32. Qxf1 Rxf1 33. Kxf1 Kf7 34.
Rxc7 Ke7 35. Rxd7+ Kxd7 36. g4 h5 37. g5 Bf8 38. Nc3 Bb4 39. Nd1 Kc6 40. Ke2 Kd5
41. Kd3 Be1 42. Ne3+ Kc6 43. Ng2 Bg3 44. Ke4 Bf2 45. Nf4 Bxh4 46. Nxe6 Kd7 47.
Nf8+ Ke8 48. Nxg6 Bxg5 49. Nf4 h4 50. d5 Kd7 51. Kf5 Be7 52. Kg4 Bd8 53. Ng6 Bc7
54. Kxh4 Bxe5 55. Nxe5+ Kd6 56. Nc4+ Kxd5 57. Nxb6+ Kc5 58. Nc4 Kb4 59. Nxa5 1-0

[Event "11th Asrian Memorial 2018"]
[Site "Yerevan ARM"]
[Date "2018.06.27"]
[Round "7.22"]
[White "Danielyan, Vahe"]
[Black "Martirosyan, Garik"]
[Result "1-0"]
[WhiteTitle "FM"]
[WhiteElo "2387"]
[BlackElo "2128"]
[WhiteFideId "13304828"]
[BlackFideId "13306286"]
[EventDate "2018.06.21"]

1. e4 e5 2. Nf3 Nf6 3. Nc3 Nc6 4. Be2 d5 5. exd5 Nxd5 6. O-O Nxc3 7. bxc3 Bd6 8.
d4 O-O 9. Rb1 Re8 10. Bg5 f6 11. Be3 e4 12. Nd2 f5 13. f4 exf3 14. Bc4+ Kh8 15.
Qxf3 Na5 16. Bd3 Bd7 17. c4 b6 18. Rbe1 g6 19. Kh1 Qh4 20. g3 Qd8 21. d5 Be5 22.
c5 bxc5 23. Bxc5 Nb7 24. Ba3 Bg7 25. Nc4 Bb5 26. Ne5 Rxe5 27. Bxb5 Nd6 28. Bc6
Rb8 29. Rxe5 Bxe5 30. Qe3 Ne4 31. Qxa7 Rb6 32. Qa4 h5 33. d6 Nxd6 34. Bc5 Rb8
35. Re1 Bg7 36. Re6 Kh7 37. Bxd6 cxd6 38. Be8 Rb1+ 39. Kg2 Bf6 40. Qa7+ Kh6 41.
Qf7 Qa8+ 42. Kh3 1-0

[Event "11th Asrian Memorial 2018"]
[Site "Yerevan ARM"]
[Date "2018.06.27"]
[Round "7.23"]
[White "Sargsyan, Anna M."]
[Black "Khachatryan, Anna"]
[Result "1-0"]
[WhiteTitle "WFM"]
[WhiteElo "2323"]
[BlackElo "1955"]
[WhiteFideId "13308130"]
[BlackFideId "13310780"]
[EventDate "2018.06.21"]

1. e4 c5 2. Nf3 Nc6 3. c3 e6 4. d4 d5 5. exd5 exd5 6. h3 c4 7. b3 cxb3 8. axb3
Nf6 9. Bd3 Be7 10. O-O O-O 11. Na3 Bd7 12. Nc2 Qc8 13. Bf4 Bf5 14. Ne3 Bxd3 15.
Qxd3 Re8 16. Rfe1 h6 17. Ra2 Qd8 18. Be5 Ne4 19. Rae2 Bf8 20. b4 Nxc3 21. Qxc3
Bxb4 22. Qb3 Bxe1 23. Rxe1 Qd7 24. Rb1 Rad8 25. Qxb7 Qxb7 26. Rxb7 Re7 27. Rb5
f6 28. Bg3 Re4 29. Nf5 Rd7 30. Nd6 Re6 31. Nb7 Re2 32. Bf4 Ra2 33. Be3 a5 34.
Rb6 Ne7 35. Nc5 Ra7 36. Bf4 a4 37. Bb8 Ra8 38. Rb7 Ra1+ 39. Kh2 Nc6 40. Ne6 Rxb8
41. Rxg7+ Kh8 42. Nh4 Ne7 43. Rxe7 Rg8 44. Ra7 a3 45. f4 f5 46. Nxf5 a2 47. Nxh6
Rg6 48. Nf7+ Kg8 49. f5 Rf6 50. Nfg5 1-0

[Event "11th Asrian Memorial 2018"]
[Site "Yerevan ARM"]
[Date "2018.06.27"]
[Round "7.24"]
[White "Mkrtchyan, Sargis R."]
[Black "Piliposyan, Robert"]
[Result "1/2-1/2"]
[WhiteElo "2251"]
[BlackElo "1898"]
[WhiteFideId "13307878"]
[BlackFideId "13309978"]
[EventDate "2018.06.21"]

1. d4 Nf6 2. c4 e6 3. Nf3 b6 4. g3 Bb7 5. Bg2 Be7 6. O-O O-O 7. d5 exd5 8. Nh4
c6 9. cxd5 Nxd5 10. Nf5 Nc7 11. e4 d5 12. exd5 cxd5 13. Nc3 Bf6 14. Bf4 Bxc3 15.
bxc3 Ne6 16. Bd6 Re8 17. c4 Qf6 18. Ne3 Rd8 19. Nxd5 Bxd5 20. Qxd5 Na6 21. Be5
Qe7 22. Qb7 Qa3 23. Rfe1 Nac5 24. Qe7 Rd7 25. Qh4 Rad8 26. Bd5 b5 27. Bxe6 Nxe6
28. cxb5 Qf3 1/2-1/2

[Event "11th Asrian Memorial 2018"]
[Site "Yerevan ARM"]
[Date "2018.06.27"]
[Round "7.29"]
[White "Babayan, Rafayel"]
[Black "Avetisyan, Mariam"]
[Result "0-1"]
[WhiteElo "1567"]
[BlackElo "2092"]
[WhiteFideId "13313843"]
[BlackFideId "13307622"]
[EventDate "2018.06.21"]

1. d4 d5 2. c4 e6 3. Nc3 Be7 4. cxd5 exd5 5. Nf3 c6 6. Qc2 Nf6 7. Bg5 Bg4 8. Ne5
Bh5 9. e3 Nfd7 10. Bxe7 Qxe7 11. Nxd7 Nxd7 12. Bd3 Bg6 13. O-O O-O 14. Bxg6 hxg6
15. Rab1 f5 16. b4 a6 17. a4 b5 18. a5 g5 19. Rfe1 Qd6 20. Qb3 Kh8 21. Rbd1 Rf6
22. f3 Rh6 23. g3 Rf8 24. f4 Qg6 25. Qc2 Nf6 26. Qg2 Re8 27. Re2 Ng4 28. Qf3 Kg8
29. Rde1 Qh5 30. Nd1 gxf4 31. gxf4 Ree6 32. Rg2 Reg6 33. Nf2 Qxh2+ 34. Kf1 Qh4
35. Nxg4 Rxg4 36. Rxg4 fxg4 37. Qg2 Qh1+ 38. Kf2 g3+ 0-1

[Event "11th Asrian Memorial 2018"]
[Site "Yerevan ARM"]
[Date "2018.06.27"]
[Round "7.30"]
[White "Grigoryan, Arpine"]
[Black "Seyranyan, Gor"]
[Result "1-0"]
[WhiteElo "2049"]
[BlackElo "1779"]
[WhiteFideId "13307231"]
[BlackFideId "13309544"]
[EventDate "2018.06.21"]

1. e4 c5 2. Nf3 Nc6 3. Bb5 e6 4. O-O Nge7 5. d4 cxd4 6. Nxd4 Qb6 7. Nxc6 dxc6 8.
Bc4 Ng6 9. b3 e5 10. Qf3 Qc7 11. Rd1 Nf4 12. Bxf4 exf4 13. e5 Qxe5 14. Nc3 Be7
15. Re1 Qc7 16. Qe4 g6 17. Qd4 O-O 18. Rxe7 Qxe7 19. Ne4 Rd8 20. Nf6+ Kf8 21.
Nxh7+ Kg8 22. Nf6+ Kf8 23. Nd5 f6 24. Nxe7 Rxd4 25. Nxg6+ Kg7 26. Nh4 Rxc4 27.
bxc4 c5 28. Re1 Kf7 29. Re4 Be6 30. Nf3 Rd8 31. h4 Bg4 32. Rxf4 Bxf3 33. Rxf3
Rd1+ 34. Kh2 Rd4 35. Kh3 Rxc4 36. g4 Kg7 37. c3 b5 38. Rd3 a5 39. h5 Ra4 40.
Rd7+ Kh6 41. Rf7 Rxa2 42. Rxf6+ Kg7 43. g5 b4 44. h6+ Kh7 45. Rf7+ Kg8 46. g6 1-0

[Event "11th Asrian Memorial 2018"]
[Site "Yerevan ARM"]
[Date "2018.06.28"]
[Round "8.1"]
[White "Melkumyan, Hrant"]
[Black "Sasikiran, Krishnan"]
[Result "0-1"]
[WhiteTitle "GM"]
[BlackTitle "GM"]
[WhiteElo "2662"]
[BlackElo "2666"]
[WhiteFideId "13302485"]
[BlackFideId "5004985"]
[EventDate "2018.06.21"]

1. Nf3 d5 2. d4 Nf6 3. c4 c6 4. Nc3 e6 5. Bg5 h6 6. Bh4 dxc4 7. e4 b5 8. e5 g5
9. Nxg5 hxg5 10. Bxg5 Nbd7 11. exf6 Bb7 12. g3 c5 13. d5 Qb6 14. Bg2 O-O-O 15.
O-O b4 16. Na4 Qb5 17. a3 Nb8 18. axb4 cxb4 19. Qg4 Bxd5 20. Rac1 Qxa4 21. Rxc4+
Kb7 22. Rfc1 Na6 23. Rd4 Bc5 24. Re4 Bb6 25. h4 Qb3 26. Bf4 Qxb2 27. Re2 Qxf6
28. Be5 Qg6 29. Bxd5+ exd5 30. Qf3 Rxh4 31. Bf6 Qh5 32. Re7+ Ka8 33. Qg2 Bxf2+
34. Kxf2 Rh2 35. Bd4 Qf5+ 36. Kg1 Rxg2+ 37. Kxg2 Rd7 0-1

[Event "11th Asrian Memorial 2018"]
[Site "Yerevan ARM"]
[Date "2018.06.28"]
[Round "8.2"]
[White "Andriasian, Zaven"]
[Black "Sethuraman, S.P."]
[Result "1/2-1/2"]
[WhiteTitle "GM"]
[BlackTitle "GM"]
[WhiteElo "2586"]
[BlackElo "2657"]
[WhiteFideId "13302000"]
[BlackFideId "5021596"]
[EventDate "2018.06.21"]

1. e4 e5 2. Nf3 Nc6 3. Bc4 Bc5 4. d3 Nf6 5. O-O O-O 6. Nbd2 d6 7. c3 a5 8. h3 h6
9. Re1 Be6 10. Bb5 Qb8 11. Nf1 Qa7 12. Qe2 a4 13. Bxc6 bxc6 14. Ng3 Qb6 15. Nh4
d5 16. Qf3 Rfd8 17. Nhf5 Bxf5 18. Nxf5 dxe4 19. dxe4 Kh7 20. Rf1 Ng8 21. Rb1 Qb5
22. Re1 Rd3 23. Be3 Rad8 24. c4 Qa5 25. Qg3 Bf8 26. c5 f6 27. Qg4 Qb4 28. Rec1
g6 29. Ng3 h5 30. Qe6 h4 31. Qf7+ Bg7 32. a3 Qb3 33. Qxb3 axb3 34. Nf1 f5 35. a4
f4 36. Bd2 Nf6 37. f3 Bf8 38. Be1 Ra8 39. Ra1 Nd7 40. Bxh4 Nxc5 41. a5 Ra6 42.
Be1 Nb7 43. Kf2 Rd8 44. Ke2 Rda8 45. Ra4 Nc5 46. Rac4 Ne6 47. Bc3 Rb8 48. Nd2
Rb5 49. Ra1 Bd6 50. Nb1 Nd4+ 51. Bxd4 exd4 52. Nd2 Rg5 53. Kf1 Rgxa5 54. Rxa5
Rxa5 55. Nxb3 Ra2 56. Nxd4 c5 57. Ne6 Rxb2 58. Nxc5 Rb1+ 59. Ke2 Rb2+ 60. Kf1
Rb1+ 61. Ke2 Rb2+ 62. Kd3 Rxg2 63. Nd7 Rf2 64. e5 Rxf3+ 65. Ke4 Rxh3 66. exd6
cxd6 67. Nf6+ Kg7 68. Ng4 Rh5 69. Rc7+ Kf8 70. Kxf4 Rf5+ 71. Ke4 d5+ 72. Ke3 d4+
73. Ke4 d3 74. Kxd3 Rf4 75. Ne5 Ke8 76. Ra7 Kd8 77. Nxg6 Rg4 78. Ne5 Rh4 79. Ke3
Kc8 80. Rg7 Ra4 81. Rh7 Rb4 82. Nd3 Ra4 83. Nc5 Rc4 84. Ne6 Kb8 85. Kd3 Rb4 86.
Nc5 Rg4 87. Ne4 Rf4 88. Kd4 Rf5 89. Nd6 Rg5 90. Nc4 Rb5 91. Ne5 Kc8 92. Nd3 Kd8
93. Nc5 Rb1 94. Ne4 Rd1+ 95. Ke5 Rd7 96. Rh1 Kc7 97. Rc1+ Kb6 98. Nf6 Rd2 99.
Nd5+ Kb5 100. Kd6 Rh2 101. Rc5+ Ka4 102. Rc4+ Kb3 103. Rc3+ Kb2 104. Rg3 Rc2
105. Ke5 Rd2 106. Ke4 Kc2 107. Ne3+ Kb1 108. Nc4 Rd8 109. Rg2 Kc1 110. Ke3 Kb1
111. Ne5 Re8 112. Kd4 Rc8 113. Kd3 Rc7 114. Nc4 Rh7 115. Re2 Rh3+ 116. Ne3 Rg3
117. Kc3 Rh3 118. Kb3 Kc1 119. Rc2+ Kb1 120. Rb2+ Kc1 121. Re2 Rf3 122. Rc2+ Kb1
123. Rc3 Rf8 124. Nd5 Rb8+ 125. Nb4 Rb7 126. Rc8 Rh7 127. Rd8 Rh3+ 128. Nd3 1/2-1/2

[Event "11th Asrian Memorial 2018"]
[Site "Yerevan ARM"]
[Date "2018.06.28"]
[Round "8.3"]
[White "Stupak, Kirill"]
[Black "Martirosyan, Haik M."]
[Result "0-1"]
[WhiteTitle "GM"]
[BlackTitle "GM"]
[WhiteElo "2564"]
[BlackElo "2572"]
[WhiteFideId "13503758"]
[BlackFideId "13306553"]
[EventDate "2018.06.21"]

1. d4 d5 2. Bf4 Nf6 3. e3 e6 4. c3 b6 5. Nd2 Bb7 6. Bd3 Nbd7 7. a4 a6 8. Ngf3
Be7 9. Ne5 Ne4 10. Nxd7 Qxd7 11. Bxe4 dxe4 12. Qg4 g5 13. Bxg5 Rg8 14. Nxe4 h6
15. h4 O-O-O 16. Qf4 hxg5 17. hxg5 Qd5 18. f3 Bxg5 19. Nxg5 Qxg5 20. Qxg5 Rxg5
21. Kf2 Rdg8 22. Rh2 f5 23. a5 b5 24. Rg1 Rg3 25. Rgh1 Bd5 26. Re1 Kb7 27. b4
Kc6 28. Re2 Kd6 29. Ke1 R3g6 30. Kf2 Bb7 31. Ke1 R8g7 32. Kd2 Bd5 33. Ke1 Bb7
34. Kd2 e5 35. dxe5+ Kxe5 36. Ke1 Rd7 37. Rh4 Rdg7 38. Rh2 Kd5 39. Kd2 Rd7 40.
Rh4 Ke6+ 41. Ke1 Bd5 42. Rd2 Bc4 43. Rxd7 Kxd7 44. Rh7+ Kc6 45. Kf2 Rd6 46. Kg3
Rd3 47. Rh6+ Kb7 48. Kf4 Rxc3 0-1

[Event "11th Asrian Memorial 2018"]
[Site "Yerevan ARM"]
[Date "2018.06.28"]
[Round "8.4"]
[White "Hakobyan, Aram"]
[Black "Zhigalko, Andrey"]
[Result "1/2-1/2"]
[WhiteTitle "GM"]
[BlackTitle "GM"]
[WhiteElo "2542"]
[BlackElo "2562"]
[WhiteFideId "13306677"]
[BlackFideId "13502247"]
[EventDate "2018.06.21"]

1. Nf3 d5 2. c4 d4 3. g3 Nc6 4. Bg2 e5 5. d3 Nf6 6. O-O a5 7. e3 Bc5 8. exd4
Bxd4 9. Nxd4 Nxd4 10. Re1 O-O 11. Nc3 Re8 12. h3 Bd7 13. Be3 Bc6 14. Bxd4 exd4
15. Rxe8+ Qxe8 16. Nd5 Bxd5 17. cxd5 Qb5 18. a4 Qb6 19. Qc2 Rd8 20. Rc1 Rd7 21.
b3 g6 22. Qc4 Re7 23. b4 Qxb4 24. Qxb4 axb4 25. d6 cxd6 26. Rb1 d5 27. Rxb4 Re1+
28. Kh2 Re2 29. Kg1 Re1+ 30. Kh2 Re2 31. Kg1 1/2-1/2

[Event "11th Asrian Memorial 2018"]
[Site "Yerevan ARM"]
[Date "2018.06.28"]
[Round "8.5"]
[White "Petrosyan, Manuel"]
[Black "Ter-Sahakyan, Samvel"]
[Result "1/2-1/2"]
[WhiteTitle "GM"]
[BlackTitle "GM"]
[WhiteElo "2551"]
[BlackElo "2546"]
[WhiteFideId "13300857"]
[BlackFideId "13302531"]
[EventDate "2018.06.21"]

1. d4 Nf6 2. c4 e6 3. Nf3 d5 4. g3 Be7 5. Bg2 O-O 6. Qb3 Nc6 7. Bd2 Ne4 8. O-O
Bf6 9. e3 Ne7 10. Nc3 Nxd2 11. Nxd2 c6 12. Rfd1 g6 13. Qc2 b6 14. b4 Bb7 15.
Rab1 Qd7 16. a4 Rfc8 17. Qb3 Bg7 18. a5 Rab8 19. axb6 axb6 20. Na4 Qd8 21. c5
bxc5 22. bxc5 Ba6 23. Nb6 Rc7 24. Qa3 Bb5 25. Bf1 Bxf1 26. Kxf1 Rcb7 27. Qa6 Qc7
28. Rb4 Ra7 29. Qd3 Rd8 30. Nf3 e5 31. dxe5 Bxe5 32. Nxe5 Qxe5 33. e4 Ra1 34.
Rd4 Rxd1+ 35. Qxd1 Qe6 36. Kg2 h5 37. Qf3 Kg7 38. Qf4 Qf6 39. Qxf6+ Kxf6 40. f4
Ke6 41. Kf2 f5 42. exd5+ cxd5 43. Ke3 h4 44. Rd1 hxg3 45. hxg3 Rh8 46. Re1 Nc6
47. Kd3+ Kf7 48. Nd7 Rc8 49. Kc3 Rc7 50. Nb6 Ra7 51. Nxd5 Ra3+ 52. Kc4 Rxg3 53.
Rb1 Ke6 54. Rb6 Kd7 55. Rb7+ Ke6 56. Nc7+ Kd7 57. Nb5+ Kd8 58. Rg7 Rf3 59. Kd5
Nb4+ 60. Ke6 Re3+ 61. Kf7 Re7+ 62. Kxg6 Rxg7+ 63. Kxg7 Nd3 64. c6 Nxf4 65. Kf6
Nd5+ 66. Ke5 Nb4 67. c7+ Kd7 68. Kxf5 Na6 69. Ke5 Nxc7 70. Nxc7 Kxc7 71. Ke4 1/2-1/2

[Event "11th Asrian Memorial 2018"]
[Site "Yerevan ARM"]
[Date "2018.06.28"]
[Round "8.7"]
[White "Yeghiazaryan, Armenak"]
[Black "Pashikian, Arman"]
[Result "1/2-1/2"]
[WhiteTitle "FM"]
[BlackTitle "GM"]
[WhiteElo "2365"]
[BlackElo "2608"]
[WhiteFideId "13303082"]
[BlackFideId "13301578"]
[EventDate "2018.06.21"]

1. e4 e5 2. Nf3 Nc6 3. Bc4 Bc5 4. c3 Nf6 5. d3 d6 6. O-O h6 7. a4 a5 8. h3 O-O
9. Re1 Be6 10. Qb3 Bxc4 11. Qxc4 Re8 12. Nbd2 Qd7 13. Nf1 Bb6 14. Ng3 d5 15. Qb3
Rad8 16. Bd2 Re6 17. Be3 Bxe3 18. Rxe3 g6 19. Ree1 b6 20. Rad1 Rd6 21. exd5 Rxd5
22. Qc4 Qd6 23. Re3 Qc5 24. Rde1 Kg7 25. Nxe5 Rxe5 26. Rxe5 Qxc4 27. dxc4 Nxe5
28. Rxe5 Rd1+ 29. Kh2 Nd7 30. Re2 Nc5 31. Ne4 Nd3 32. b4 axb4 33. cxb4 Nxb4 34.
c5 Rd4 35. cxb6 cxb6 36. Nc3 Rc4 37. Re3 h5 38. g3 h4 39. gxh4 Rxh4 40. Kg3 Rc4
41. Ne2 Nd5 42. Ra3 Rc5 43. Rb3 Kf6 44. f3 Ke5 45. h4 Rc2 46. Ng1 Ra2 47. Nh3
Rxa4 48. Ng5 f6 49. Nf7+ Ke6 50. Nh8 g5 51. hxg5 fxg5 52. Ng6 Ra8 53. Rb5 Ra5
54. Rb1 b5 55. Re1+ Kf6 56. Ne5 b4 57. Nc6 Rc5 58. Nd4 Rc4 59. Nb3 Nf4 60. Ra1
Nh5+ 61. Kh3 Nf4+ 62. Kg3 Kg6 63. Ra2 Nd3 64. Nd2 Rc6 65. Ra5 Rc5 66. Rxc5 Nxc5
67. f4 Kf5 68. fxg5 Kxg5 69. Kf3 Kf5 70. Ke2 Ke5 71. Kd1 Kd4 72. Kc2 b3+ 73.
Nxb3+ Nxb3 74. Kxb3 1/2-1/2

[Event "11th Asrian Memorial 2018"]
[Site "Yerevan ARM"]
[Date "2018.06.28"]
[Round "8.8"]
[White "Jumabayev, Rinat"]
[Black "Sargsyan, Shant"]
[Result "1-0"]
[WhiteTitle "GM"]
[BlackTitle "IM"]
[WhiteElo "2594"]
[BlackElo "2499"]
[WhiteFideId "13702661"]
[BlackFideId "13306766"]
[EventDate "2018.06.21"]

1. c4 e5 2. Nc3 Nf6 3. g3 d5 4. cxd5 Nxd5 5. Bg2 Nb6 6. d3 Be7 7. Nh3 O-O 8. f4
Nc6 9. O-O exf4 10. Nxf4 Re8 11. Kh1 Bf8 12. e3 Ne5 13. d4 Nec4 14. e4 c5 15. d5
Ne5 16. b3 Bg4 17. Qd2 Rc8 18. Bb2 a6 19. Rac1 Qg5 20. Nd1 Bh5 21. Ne3 Bg6 22.
Qf2 h6 23. h4 Qf6 24. Bxe5 Qxe5 25. Nxg6 fxg6 26. Qf7+ Kh8 27. Qxg6 Nd7 28. Nc4
Qe7 29. Rf7 Ne5 30. Nxe5 Qxe5 31. Bh3 1-0

[Event "11th Asrian Memorial 2018"]
[Site "Yerevan ARM"]
[Date "2018.06.28"]
[Round "8.11"]
[White "Bernadskiy, Vitaliy"]
[Black "Davtyan, Artur"]
[Result "1/2-1/2"]
[WhiteTitle "GM"]
[BlackTitle "FM"]
[WhiteElo "2586"]
[BlackElo "2349"]
[WhiteFideId "14100371"]
[BlackFideId "13308327"]
[EventDate "2018.06.21"]

1. e4 e5 2. Bc4 Nc6 3. d3 Nf6 4. Nc3 Na5 5. Nge2 Bc5 6. O-O d6 7. Bg5 Nxc4 8.
dxc4 Be6 9. Qd3 h6 10. Bxf6 Qxf6 11. Nd5 Qd8 12. b4 Bb6 13. c5 dxc5 14. bxc5
Bxc5 15. Qb5+ c6 16. Qxc5 cxd5 17. Rfd1 Rc8 18. Qxa7 O-O 19. exd5 Bg4 20. f3
Rxc2 21. Ng3 Bxf3 22. gxf3 Qh4 23. Nf1 Qg5+ 24. Ng3 Qh4 25. Nf1 Qg5+ 26. Ng3 Qh4
27. Nf1 1/2-1/2

[Event "11th Asrian Memorial 2018"]
[Site "Yerevan ARM"]
[Date "2018.06.28"]
[Round "8.13"]
[White "Harutyunian, Tigran K."]
[Black "Vardanian, Haik G."]
[Result "1-0"]
[WhiteTitle "IM"]
[BlackTitle "IM"]
[WhiteElo "2499"]
[BlackElo "2388"]
[WhiteFideId "13303635"]
[BlackFideId "13303562"]
[EventDate "2018.06.21"]

1. Nf3 d5 2. g3 Nc6 3. d4 Bg4 4. Bg2 Qd7 5. O-O O-O-O 6. Nbd2 f6 7. b4 Nxb4 8.
c4 dxc4 9. Nxc4 e5 10. Qb3 Be6 11. Bd2 Qb5 12. Rfc1 e4 13. a4 Qa6 14. Bxb4 Bxb4
15. Qxb4 exf3 16. Bxf3 Bxc4 17. Rxc4 Qb6 18. Qc3 Qd6 19. Rb1 b6 20. Rc1 1-0

[Event "11th Asrian Memorial 2018"]
[Site "Yerevan ARM"]
[Date "2018.06.28"]
[Round "8.15"]
[White "Pogonina, Natalija"]
[Black "Barseghyan, Armen Ar."]
[Result "1-0"]
[WhiteTitle "WGM"]
[WhiteElo "2469"]
[BlackElo "2219"]
[WhiteFideId "4147855"]
[BlackFideId "13306707"]
[EventDate "2018.06.21"]

1. d4 d5 2. c4 e6 3. Nf3 c6 4. Qc2 f5 5. Bf4 Nf6 6. e3 Be7 7. Nc3 O-O 8. Bd3 Bd7
9. h3 Ne4 10. g4 Kh8 11. Rg1 Be8 12. O-O-O Na6 13. a3 Qa5 14. gxf5 Nxc3 15. Qxc3
Qxc3+ 16. bxc3 Bh5 17. Rg3 exf5 18. c5 Nb8 19. Rdg1 Bxf3 20. Rxg7 Bf6 21. Rxb7
Be4 22. Be2 Nd7 23. f3 Rf7 24. fxe4 fxe4 25. Bh5 Re7 26. Bd6 1-0

[Event "11th Asrian Memorial 2018"]
[Site "Yerevan ARM"]
[Date "2018.06.28"]
[Round "8.16"]
[White "Petrosyan, Tigran S."]
[Black "Gharibyan, Mamikon"]
[Result "0-1"]
[WhiteTitle "IM"]
[BlackTitle "FM"]
[WhiteElo "2460"]
[BlackElo "2275"]
[WhiteFideId "13303678"]
[BlackFideId "13308300"]
[EventDate "2018.06.21"]

1. Nf3 d5 2. d4 Nf6 3. c4 e6 4. Nc3 Bb4 5. Qa4+ Nc6 6. e3 O-O 7. Qc2 Re8 8. a3
Bd6 9. c5 Bf8 10. Bb5 Bd7 11. O-O a6 12. Bxc6 Bxc6 13. Ne5 Bb5 14. Rd1 Nd7 15.
Nf3 Bc6 16. b4 b5 17. Bb2 f6 18. Nd2 Nb8 19. Nb3 Re7 20. f3 Be8 21. Na5 Nc6 22.
Nxc6 Bxc6 23. e4 Be8 24. Qe2 c6 25. a4 Bf7 26. exd5 exd5 27. Qd2 Rb7 28. axb5
axb5 29. Rxa8 Qxa8 30. Ra1 Ra7 31. Rxa7 Qxa7 32. Qe3 Qd7 33. Bc1 Qf5 34. Qe2 g5
35. h3 h5 36. Nd1 Qb1 37. Qb2 Qg6 38. Nf2 Be7 39. Qe2 Bd8 40. Qd3 f5 41. Qe2 Bf6
42. Bb2 Qg7 43. Qd2 Bg6 44. f4 Qe7 45. Nd3 Qe4 46. Nf2 Qb1+ 47. Qc1 Qxc1+ 48.
Bxc1 Bxd4 49. fxg5 f4 50. Bxf4 Bc3 51. Kf1 Bxb4 52. Bd6 Bc3 53. Be7 b4 54. Bf6
Bxf6 55. gxf6 Kf7 0-1

[Event "11th Asrian Memorial 2018"]
[Site "Yerevan ARM"]
[Date "2018.06.28"]
[Round "8.17"]
[White "Rahul, Srivatshav P"]
[Black "Yeritsyan, Hayk"]
[Result "1/2-1/2"]
[WhiteTitle "IM"]
[WhiteElo "2397"]
[BlackElo "2196"]
[WhiteFideId "25059653"]
[BlackFideId "13307320"]
[EventDate "2018.06.21"]

1. d4 d5 2. c4 e6 3. Nc3 Be7 4. cxd5 exd5 5. Bf4 c6 6. e3 Bf5 7. g4 Be6 8. h4
Bxh4 9. Qb3 g5 10. Be5 f6 11. Bh2 Bxg4 12. Qxb7 Qe7 13. Qxa8 Qxe3+ 14. Be2 Bxf2+
15. Kf1 Bh4 16. Qxb8+ Kf7 17. Nd1 Bxe2+ 18. Nxe2 Qf3+ 19. Kg1 Qxe2 20. Bg3 Qg4
21. Kg2 Qe4+ 22. Kg1 Qg4 23. Kf2 Qf5+ 24. Kg1 1/2-1/2

[Event "11th Asrian Memorial 2018"]
[Site "Yerevan ARM"]
[Date "2018.06.28"]
[Round "8.18"]
[White "Nalbandyan, Vahan"]
[Black "Danielyan, Vahe"]
[Result "0-1"]
[BlackTitle "FM"]
[WhiteElo "1789"]
[BlackElo "2387"]
[WhiteFideId "13309439"]
[BlackFideId "13304828"]
[EventDate "2018.06.21"]

1. e4 e5 2. Nf3 Nc6 3. Bb5 g6 4. O-O Bg7 5. Nc3 a6 6. Bxc6 dxc6 7. h3 Ne7 8. d3
O-O 9. Nh2 f5 10. exf5 Bxf5 11. Bg5 h6 12. Bd2 Nd5 13. Ne4 Nf4 14. Ng4 Qh4 15.
Be1 Bxe4 16. dxe4 Rad8 17. Qf3 h5 18. Qb3+ Kh7 19. f3 Qg5 20. h4 Qe7 21. Ne3 Bh6
22. Rf2 Qxh4 23. Nc4 Qg5 24. Kf1 b5 25. Na5 Qg3 26. Kg1 Nh3+ 27. Kf1 Nxf2 28.
Bxf2 Qh2 29. Bg1 Qh1 30. Qe6 Rd2 31. Qe7+ Bg7 32. Qg5 Rxf3+ 0-1

[Event "11th Asrian Memorial 2018"]
[Site "Yerevan ARM"]
[Date "2018.06.28"]
[Round "8.19"]
[White "Sargsyan, Anna M."]
[Black "Movsisyan, Vardan"]
[Result "1-0"]
[WhiteTitle "WFM"]
[WhiteElo "2323"]
[BlackElo "2146"]
[WhiteFideId "13308130"]
[BlackFideId "13301799"]
[EventDate "2018.06.21"]

1. d4 Nf6 2. Nf3 e6 3. e3 b6 4. Bd3 Bb7 5. O-O c5 6. c4 Be7 7. Nc3 d5 8. cxd5
exd5 9. Bb5+ Bc6 10. Qa4 Bxb5 11. Qxb5+ Qd7 12. Ne5 Qxb5 13. Nxb5 Na6 14. Rd1
O-O 15. Nc6 Rfe8 16. a4 Bf8 17. a5 Re6 18. Ncxa7 c4 19. Bd2 Rb8 20. b3 cxb3 21.
Rdb1 Ne4 22. Be1 bxa5 23. Bxa5 Nd6 24. Rxb3 Nc4 25. g3 h5 26. h4 g6 27. Rbb1 Rb7
28. Ra4 Nb8 29. Rba1 Nc6 30. Be1 Nxa7 31. Nxa7 Reb6 32. Kf1 Rc7 33. Ra6 Rcb7 34.
Nc6 Na3 35. Rxb6 Rxb6 36. Ne5 Nc2 37. Rc1 Nxe1 38. Kxe1 Rb5 39. Rc8 Kg7 40. Rc7
Bd6 41. Rxf7+ Kg8 42. Rd7 1-0